00873 2200277 4500001002100000001002100021005001500042020002200057035002400079040001200103082001600115084001600131090001700147090001600164100002000180245007200200245013800272250001100410260002700421260003600448300004800484650001700532700001900549850001200568990001500580YOGYA000000000000989YOGYA00000000000098920140822081128 a978-602-9245-33-2 0010-081400000001029 aYOPDYOG 2[22]a297.3 a297.3 Ibn K a370.15 Mah P a297.3 Ibn K aIBNU ABI NASHIR aPsikologi pendidikan : Suatu pendekatan terapancMahmud, M. Dimyati aKamus induk ibadah terlangkap dariA-Z meliputi ihaharah, shalat, puasa, zakat, haji/umrohc/ Ibnu Abi Nashir ; editor, A. Akmal Falah aCet.1. aYogyakartabBPFEc1990 aYogyakartabCitra Risalahc2012 axvi, 231 hlm.b. ilus.c;24 halaman (3 eks) aIslam-Ibadah aAkmal Falah A. aYOPDYOG a52996.P/94